000 00353nam a2200145Ia 4500
008 230711s9999||||xx |||||||||||||| ||und||
041 _aENG
082 _a547
_bPO-C
100 _aPomerol,Charles
245 4 _aThe cenozoic era ,tertiary
250 _a1st Ed.
260 _c1982
_aNew York
_bJohn Wiley & Sons.Inc
650 _aArchitecture
942 _cBK
999 _c1096
_d1096